Vainqueurs Rallye de Saintonge - Statistiques

Statistiques générales
  • Ce quiz a été pris 11 fois
    5 depuis la dernière actualisation
  • Le résultat moyen est 21 sur 35
Statistiques - réponses
Année Vainqueur Voiture % Correct
2024 Denis Millet Volkswagen Polo GTI R5
100%
2023 Denis Millet Volkswagen Polo GTI R5
100%
2022 Denis Millet Volkswagen Polo GTI R5
100%
2021 Jean Marie Cuoq Citroën C4 WRC
100%
2019 Mathias De Sousa Citroën DS3 R5
100%
2016 Bruno Longépé Peugeot 208 T16 R5
80%
2015 Bruno Longépé Peugeot 207 S2000
80%
2025 Léo Rossel Citroen C3 Rally2
80%
2011 Michel Hayet Subaru Impreza S7 WRC '01
80%
2003 Jean Charles Beaubelique Peugeot 306 Maxi
60%
2004 Jean Galpin Subaru Impreza S5 WRC '98
60%
1996 Jean Galpin Ford Escort RS Cosworth
60%
1995 Jean Galpin Ford Escort RS Cosworth
60%
1994 Jean Galpin Ford Escort RS Cosworth
60%
1991 Jean Galpin Renault 5 Maxi Turbo
60%
1990 Jean Galpin Renault 5 Maxi Turbo
60%
2018 Mickael Faucher Skoda Fabia R5
60%
2014 Mickael Faucher Subaru Impreza S7 WRC '01
60%
2008 Patrice Laroche Renault Mégane Maxi
60%
2001 Patrick Rouillard BMW 318 Ti Compact
60%
2000 Patrick Rouillard BMW 318 Ti Compact
60%
1998 Patrick Rouillard BMW M3 E30
60%
1997 Patrick Rouillard BMW M3 E30
60%
1993 Patrick Rouillard BMW 323i E30
60%
2017 Reynald Moinet Peugeot 208 T16 R5
60%
2010 Reynald Moinet BMW 318 Ti Compact
60%
2002 Richard Genesca Toyota Celica GT-Four
40%
2009 Samuel Bezinaud BMW M3 E30
40%
2006 Samuel Bezinaud BMW M3 E30
40%
2012 Stéphane Jamot Subaru Impreza S7 WRC '01
40%
1999 Stéphane Jamot BMW M3 E30
40%
2007 José Barbara Subaru Impreza S5 WRC '98
20%
2005 Ludovic Gros Renault Mégane Maxi
20%
2013 Mickael Terrière Peugeot 207 S2000
20%
1989 Jean Pierre Levasseur BMW M3 E30
0%
Aucun quiz correspondant
Distribution des résultats
% des personnes avec chaque résultat
Percentile par nombre de réponses
Votre historique - résultats
Vous n’avez pas pris ce quiz depuis la dernière actualisation